| 000 | 01394nam0a2200349 i 4500 | ||
|---|---|---|---|
| 001 | RU\NLR\bibl\2084528 | ||
| 005 | 20241114182434.0 | ||
| 010 |
_a9785160065458 _9500 |
||
| 021 |
_aRU _b2013-74723 _95132 |
||
| 035 | _a(nilc)RuMoRGB-006669116 | ||
| 035 | _a(NLR Aleph) 002074654 | ||
| 090 |
_a4791347 _c4791347 |
||
| 100 | _a20131026d2013 u y0rusy50 ca | ||
| 101 | 0 | _arus | |
| 102 | _aRU | ||
| 105 | _ay zzzz||||| | ||
| 200 | 1 |
_aЭсхатологическая историософия и ее онто-феноменологическое измерение _eмонография _fА. П. Глазков |
|
| 210 |
_aМосква _cИНФРА-М _d2013 |
||
| 215 |
_a214, [1] с. _d21 |
||
| 225 | 1 |
_aНаучная мысль _iФилософия |
|
| 320 | _aБиблиогр.: с. 211-213 | ||
| 600 | 1 |
_aХайдеггер _bМ. _f1889 - 1976 _gМартин _xФилософские взгляды _92095116 _3RU\NLR\AUTH\661267718 |
|
| 606 |
_aФилософия истории _xИстория _yЕвропа Западная _92168001 _3RU\NLR\AUTH\6601541039 |
||
| 686 | 1 | _aЮ3(4Ф)6-663 | |
| 686 | 1 | _aЮ252:Т08 | |
| 700 | 1 |
_aГлазков _bА. П. _gАлександр Петрович |
|
| 801 | 0 |
_aRU _bRuMoRKP _c20130919 _gRCR |
|
| 801 | 2 |
_aRU _bРГБ _c20131003 _grcr |
|
| 801 | 1 |
_aRU _bRuMoRKP _c20130919 _2rusmarc |
|
| 801 | 2 |
_aRU _bNLR _c20131022 _grcr |
|
| 942 | _cBOOK | ||
| 980 | _aNBR | ||